Effect of feeding rubber seed cake to growing calves on dry matter and nutrients utilization (Record no. 47532)

MARC details
000 -LEADER
fixed length control field 00470nam a2200181Ia 4500
100 ## - MAIN ENTRY--AUTHOR NAME
Personal name Talpada P M
245 #0 - TITLE STATEMENT
Title Effect of feeding rubber seed cake to growing calves on dry matter and nutrients utilization
650 ## - SUBJECT ADDED ENTRY--TOPICAL TERM
Topical Term Calves
650 ## - SUBJECT ADDED ENTRY--TOPICAL TERM
Topical Term Feeds
650 ## - SUBJECT ADDED ENTRY--TOPICAL TERM
Topical Term Growth
650 ## - SUBJECT ADDED ENTRY--TOPICAL TERM
Topical Term Nutrients
650 ## - SUBJECT ADDED ENTRY--TOPICAL TERM
Topical Term Rubber seed cake
700 ## - ADDED ENTRY--PERSONAL NAME
Personal name Pande M B
700 ## - ADDED ENTRY--PERSONAL NAME
Personal name Patel B H
700 ## - ADDED ENTRY--PERSONAL NAME
Personal name Shukla P C
942 ## - ADDED ENTRY ELEMENTS (KOHA)
Koha item type Bibliography RLSE
Holdings
Withdrawn status Lost status Damaged status Not for loan Home library Current library Date acquired Koha item type
      Bibliography RRII Library RRII Library 31/12/2021 Bibliography RLSE